00851nam a2200229 a 450000100060000000300090000600800410001504000280005608200180008411000330010224500430013526000470017830000160022565000320024165000330027365000310030665000360033765000660037394200120043999900170045195201530046813090CO-ViMGA141112s2004 ck r 000 u spa d aCO-ViMGAbspacCO-ViMGA04a005.329 M326a aMicrosoft Corporation91916010aMicrosoft Excel : bManual del usuario aBogotá : bGrey Matter Internacional1994 a848p. : il.14aHOJA DE CALCULO, BUA91916114aHOJA ELECTRONICA, BUA91916214aMICROSOFT EXCEL 5.091916314aPROGRAMA PARA COMPUTADOR91916414aVISUAL BASIC (LENGUAJE DE PROGRAMACION DE COMPUTADORES919165 2ddccBK c23918d23918 00102ddc40708002aMEVIECARbMEVIECARd2015-12-04hVolumen. 1 | 11/jun/2009l0o005.329 M326a p13090r2015-12-04 00:00:00tEj. 1w2015-12-04yBK